Manual práctico de Kinesiología

Shranjeno v:
Bibliografske podrobnosti
Glavni avtor: Guyard, Jean-Claude (Author)
Format: Knjiga
Jezik:španščina
Izdano: Barcelona Paidotribo 2002
Izdaja:1a. ed
Teme:
Oznake: Označite
Brez oznak, prvi označite!

MARC

LEADER 00000nam a2200000 a 4500
001 UCH3559
003 CL-VaPUC
008 090811e20020000SP |||||||||||||||||spa|d
020 |a 8480195681 
082 0 4 |a 612.76  |b GUY  |2 21 
100 0 |a Guyard, Jean-Claude  |e author  |9 538900 
245 1 0 |a Manual práctico de Kinesiología 
250 |a 1a. ed 
300 |a 193 p 
942 |c BK 
945 |d 20090811 00:00:00  |a cmena 
260 |a Barcelona  |b Paidotribo  |c 2002 
650 7 |a KINESIOLOGIA  |2 CL-VaPUC  |9 269681 
650 7 |a TONO MUSCULAR  |2 CL-VaPUC  |9 538901 
650 7 |a SISTEMA MUSCULO ESQUELETICO  |2 CL-VaPUC  |9 477666 
650 0 |a Dolor  |9 313052 
650 7 |a DESEQUILIBRIO ENERGETICO  |2 CL-VaPUC  |9 538902 
583 |a last modification  |c 20090811 00:00:00  |k Rodrigo Vera 
999 |c 335041  |d 335039 
952 |0 0  |1 0  |4 0  |6 612_760000000000000_GUY_2002  |7 0  |8 A  |9 424580  |a BIBCUR  |b BIBCUR  |d 2019-11-22  |i 1088211  |l 2  |o 612.76 GUY 2002  |p 1088211  |r 2025-04-22  |s 2023-03-28  |w 2019-11-22  |y BK  |k KIN